|
|
|
|
| LEADER |
00000nam a2200000 a 4500 |
| 001 |
vtls001356250 |
| 003 |
SK-MaSNL |
| 005 |
20260302000218.0 |
| 008 |
240314s1974 HU a 0 hun |
| 035 |
|
|
|a SNK000309722
|
| 040 |
|
|
|a SNK
|b slo
|c SNK
|e AACR2
|
| 044 |
|
|
|a HU
|
| 080 |
|
|
|a 72.031.4:39(439-21)
|2 1981
|
| 100 |
1 |
|
|a Bárth, János
|4 aut
|9 634479
|
| 245 |
1 |
0 |
|a Tanyai település és építekezés Lajosmizsén
|c Bárth János
|
| 260 |
|
|
|a Jászberény
|b [s.n.]
|c 1974
|
| 300 |
|
|
|a S. 95-116,[3] príl.
|c 24 cm
|
| 500 |
|
|
|a Odtlačok z: Jász Múzeum
|
| 651 |
|
7 |
|a Lajosmizse (Maďarsko)
|x staviteľstvo ľudové
|x odtlačky
|2 SNK
|9 634480
|
| 958 |
|
|
|a OND
|
| 999 |
|
|
|c 978558
|d 980488
|
| 952 |
|
|
|t P60, <04>, [BOOK], {604}
|a SNK
|b SNK
|y VYP
|7 0
|p 17A0181015
|o snkOIC 6610
|i snkK 530/99
|g 0.17
|0 0
|1 0
|4 0
|d 1999-02-26
|l 0
|r 2005-01-02 00:00:00
|w 2026-02-24
|